[Event "10 Little Indians"]
[Site "SchemingMind.com"]
[Date "2005.11.26"]
[Round "-"]
[White "olivsan"]
[Black "Andoni Zabala"]
[Result "0-1"]
[WhiteCountry "BRA"]
[BlackCountry "INT"]
[WhiteElo "1302"]
[WhiteRD "127"]
[BlackElo "1551"]
[BlackRD "85"]
[GameID "31274"]

1. Nf3 d5 2. g3 Nf6 3. d4 Bf5 4. Nc3 c6 5. Bf4 e6 6. Qd2 Nbd7 7. O-O-O Bb4 8. Bg5 O-O 9. Qf4 Bxc3 10. bxc3 Qa5
11. Bxf6 Qxa2 12. Ne1 Nxf6 13. Bg2 Ne4 14. Bxe4 Bxe4 15. Nd3 Bxh1 16. Nb4 Qa3+ 17. Kd2 a5 18. Rxh1 axb4 19. cxb4 Qxb4+ 20. c3 Ra2+
21. Ke3 Qxc3#
0-1

[Event "10 Little Indians"]
[Site "SchemingMind.com"]
[Date "2005.11.25"]
[Round "-"]
[White "olivsan"]
[Black "Ashmaster"]
[Result "0-1"]
[WhiteCountry "BRA"]
[BlackCountry "IRL"]
[WhiteElo "1365"]
[WhiteRD "94"]
[BlackElo "1445"]
[BlackRD "64"]
[GameID "31275"]

1. Nf3 d5 2. g3 Nf6 3. d4 Nc6 4. Nc3 Bf5 5. Bf4 Nb4 6. Rc1 e6 7. e3 Bd6 8. a3 Nc6 9. Bg2 Bxf4 10. gxf4 Ne4
11. Ng5 Nxg5 12. fxg5 Qxg5 13. Qf3 O-O-O 14. Qf4 Qxg2 15. Kd2 g5 16. Qg3 Qxg3 17. fxg3 e5 18. Rhf1 exd4 19. exd4 Bg6 20. Ne2 Rd7
21. c3 Re8 22. g4 Rde7 23. Rce1 Bc2 24. Kxc2 Rxe2+ 25. Kd1 Rxe1+ 26. Rxe1 Rxe1+ 27. Kxe1 Kd7 28. b4 a5 29. h3 axb4 30. axb4 Ke6
31. Ke2 f5 32. Kf3 Ne7 33. gxf5+ Nxf5 34. Kg4 Kf6 35. Kh5 h6 36. Kg4 Kg6 37. Kf3 Kh5 38. b5 Kh4
0-1

[Event "10 Little Indians"]
[Site "SchemingMind.com"]
[Date "2005.11.25"]
[Round "-"]
[White "olivsan"]
[Black "klesley"]
[Result "0-1"]
[WhiteCountry "BRA"]
[BlackCountry "USA"]
[WhiteElo "1302"]
[WhiteRD "127"]
[BlackElo "1754"]
[BlackRD "106"]
[GameID "31276"]

1. Nf3 d5 2. g3 c5 3. Nc3 Nc6 4. d3 Nf6 5. Bf4 Bg4 6. Qd2 Bxf3 7. exf3 e5 8. Be3 d4 9. Na4 dxe3 10. fxe3 Qa5
11. Qxa5 Nxa5 12. Nc3 Be7 13. O-O-O O-O 14. Bh3 Rad8 15. e4 Nc6 16. a3 Nd4 17. f4 exf4 18. gxf4 a5 19. e5 Nd5 20. Nxd5 Rxd5
21. Rd2 b5 22. c3 Nb3+ 23. Kd1 Nxd2 24. Kxd2 Rfd8 25. Bf5 b4 26. axb4 axb4 27. cxb4 c4 28. Rc1 Bxb4+ 29. Rc3 Bxc3+ 30. Kxc3 cxd3
31. Kd2 Rd4 32. Bxd3 Rxd3+ 33. Ke2 Rd2+ 34. Kf3 Rxb2 35. Kg4 Rxh2
0-1

[Event "10 Little Indians"]
[Site "SchemingMind.com"]
[Date "2005.11.30"]
[Round "-"]
[White "olivsan"]
[Black "toguints"]
[Result "0-1"]
[WhiteCountry "BRA"]
[BlackCountry "PHI"]
[WhiteElo "1284"]
[WhiteRD "146"]
[BlackElo "1514"]
[BlackRD "92"]
[GameID "31277"]

1. Nf3 d5 2. g3 e6 3. d4 Nc6 4. e3 Nf6 5. Nc3 Bb4 6. a3 Bxc3+ 7. bxc3 Ne4 8. Bd2 O-O 9. Bd3 g6 10. c4 e5
11. cxd5 Qxd5 12. c4 Qd6 13. Bxe4 Bg4 14. d5 f5 15. dxc6 bxc6 16. h3 fxe4 17. hxg4 exf3 18. Qb3 Rfd8 19. c5+ Qd5 20. Qb7 Qxd2+
0-1

[Event "10 Little Indians"]
[Site "SchemingMind.com"]
[Date "2005.11.26"]
[Round "-"]
[White "olivsan"]
[Black "Alien"]
[Result "1-0"]
[WhiteCountry "BRA"]
[BlackCountry "USA"]
[WhiteElo "1365"]
[WhiteRD "94"]
[BlackElo "1107"]
[BlackRD "90"]
[GameID "31278"]

1. Nf3 d5 2. g3 c6 3. d4 Bg4 4. Nc3 e6 5. Bf4 Nf6 6. Qd3 Bd6 7. O-O-O O-O 8. h3 Bf5 9. Qd2 Bb4 10. g4 Ne4
11. Qe3 Nxc3 12. bxc3 Ba3+ 13. Kd2 Bd6 14. gxf5 exf5 15. Ne5 Nd7 16. h4 Re8 17. Rg1 Nxe5 18. dxe5 Bc7 19. Bh6 g6 20. Bg5
1-0

[Event "10 Little Indians"]
[Site "SchemingMind.com"]
[Date "2005.11.24"]
[Round "-"]
[White "antje"]
[Black "olivsan"]
[Result "0-1"]
[WhiteCountry "GER"]
[BlackCountry "BRA"]
[WhiteElo "1222"]
[WhiteRD "73"]
[BlackElo "1365"]
[BlackRD "94"]
[GameID "31279"]

1. Nf3 d5 2. g3 Nc6 3. Bg2 Nf6 4. d3 e6 5. Nc3 Bc5 6. O-O O-O 7. Re1 b6 8. Bg5 Qd7 9. e3 Ba6 10. Na4 e5
11. a3 b5 12. Nxc5 Qc8 13. Bxf6 gxf6 14. b4 Rd8 15. c4 dxc4 16. Nxa6 Qxa6 17. Qc2 cxd3 18. Qc5 Nb8 19. Red1 Qa4 20. Nxe5 Na6
0-1

[Event "10 Little Indians"]
[Site "SchemingMind.com"]
[Date "2005.11.24"]
[Round "-"]
[White "Andoni Zabala"]
[Black "olivsan"]
[Result "1-0"]
[WhiteCountry "INT"]
[BlackCountry "BRA"]
[WhiteElo "1551"]
[WhiteRD "85"]
[BlackElo "1302"]
[BlackRD "127"]
[GameID "31280"]

1. Nf3 d5 2. g3 Nf6 3. Bg2 e6 4. O-O Bc5 5. d4 O-O 6. dxc5 b6 7. Be3 bxc5 8. Bxc5 Nc6 9. Bxf8 Qxf8 10. c4 Ba6
11. cxd5 exd5 12. Nd4 Nxd4 13. Qxd4 Bxe2 14. Re1 Bc4 15. b3 Ba6 16. Nc3 Bb7 17. Nxd5 Bxd5 18. Bxd5 Qd8 19. Rad1 g6 20. Bxf7+ Kxf7
21. Qc4+ Nd5 22. Rxd5 Qf6 23. Rf5+ Kg7 24. Qxc7+
1-0

[Event "10 Little Indians"]
[Site "SchemingMind.com"]
[Date "2005.11.24"]
[Round "-"]
[White "Ashmaster"]
[Black "olivsan"]
[Result "1-0"]
[WhiteCountry "IRL"]
[BlackCountry "BRA"]
[WhiteElo "1445"]
[WhiteRD "64"]
[BlackElo "1365"]
[BlackRD "94"]
[GameID "31281"]

1. Nf3 d5 2. g3 e6 3. Bg2 Nf6 4. d4 Bd6 5. Nbd2 O-O 6. O-O b6 7. Re1 Nc6 8. e4 dxe4 9. Nxe4 Ba6 10. Nxd6 Qxd6
11. Bf4 Qe7 12. Ne5 Nxe5 13. dxe5 Rfd8 14. Qf3 Bb7 15. Qe2 Bd5 16. Red1 Nd7 17. Bxd5 exd5 18. Rxd5 c6 19. Rd2 f6 20. exf6 Qxf6
21. c3 Nc5 22. Rxd8+ Rxd8 23. Qc4+ Kf8 24. Re1 g5 25. Be5 Qf3 26. Re3 Qd5 27. Qxd5 cxd5 28. Bd4 Na4 29. b3 Nb2 30. Re2 Nd3
31. Re3 Nc1 32. Re1 Nd3 33. Rd1 Nc5 34. Bxc5+ bxc5 35. c4 d4 36. Kf1 h6= 37. Rd3
1-0

[Event "10 Little Indians"]
[Site "SchemingMind.com"]
[Date "2005.11.24"]
[Round "-"]
[White "klesley"]
[Black "olivsan"]
[Result "1-0"]
[WhiteCountry "USA"]
[BlackCountry "BRA"]
[WhiteElo "1731"]
[WhiteRD "98"]
[BlackElo "1365"]
[BlackRD "94"]
[GameID "31282"]

1. Nf3 d5 2. g3 Bf5 3. d4 e6 4. Bg2 Nc6 5. O-O Qd7 6. Nc3 O-O-O 7. Bf4 Bd6 8. Bxd6 Qxd6 9. a3 Nf6 10. Nh4 g5
11. Nxf5 exf5 12. Qd3 Qe6 13. f4 gxf4 14. Rxf4 Rhe8 15. Qxf5 Qxf5 16. Rxf5 Re6 17. e4 Nxe4 18. Bxe4 dxe4 19. d5 Nd4 20. dxe6 Nxf5
21. exf7 Nh6 22. Nxe4 Nxf7 23. Re1 Nd6 24. Nxd6+ Rxd6 25. Re2 Rd1+ 26. Kg2 Rb1 27. b3 Ra1 28. a4 a5 29. h4 Rd1 30. g4 Rd4
31. Kg3 b6 32. h5 Rd8 33. Kh4 h6 34. Re3 Rd2 35. c4 c5 36. g5 hxg5+ 37. Kxg5 Rg2+ 38. Kh4 Rh2+ 39. Rh3
1-0

[Event "10 Little Indians"]
[Site "SchemingMind.com"]
[Date "2005.11.24"]
[Round "-"]
[White "toguints"]
[Black "olivsan"]
[Result "0-1"]
[WhiteCountry "PHI"]
[BlackCountry "BRA"]
[WhiteElo "1453"]
[WhiteRD "80"]
[BlackElo "1302"]
[BlackRD "127"]
[GameID "31283"]

1. Nf3 d5 2. g3 Nf6 3. d4 e6 4. c3 Nc6 5. Bf4 Bd6 6. Bg5 O-O 7. e3 a6 8. Nbd2 Ne7 9. Qc2 g6 10. c4 Ne4
11. Bh6 Nf5 12. Bxf8 Qxf8 13. cxd5 exd5 14. Bd3 b5 15. Ne5 Bxe5 16. dxe5 Nxd2 17. Qxd2 d4 18. Qa5 Qc5 19. Bxf5 Bxf5 20. O-O Qxe5
21. exd4 Qxd4 22. Rfd1 Qe4 23. Qxc7 Bh3 24. f3 Qe3+ 25. Kh1 Qxf3+ 26. Kg1 Qg2#
0-1

[Event "10 Little Indians"]
[Site "SchemingMind.com"]
[Date "2005.11.24"]
[Round "-"]
[White "Alien"]
[Black "olivsan"]
[Result "0-1"]
[WhiteCountry "USA"]
[BlackCountry "BRA"]
[WhiteElo "1107"]
[WhiteRD "90"]
[BlackElo "1365"]
[BlackRD "94"]
[GameID "31284"]

1. Nf3 d5 2. g3 Nc6 3. Bg2 Bf5 4. O-O Qd6 5. d3 O-O-O 6. Nbd2 Nf6 7. c3 g6 8. Qe1 Bh6 9. e4 Bg4 10. d4 e5
11. b3 dxe4 12. Nxe5 Nxe5 13. dxe5 Qxe5 14. Nxe4 Bxc1 15. Rxc1 Rhe8 16. Nxf6 Qxf6 17. Be4 c6 18. Qe3 Re6 19. Rfe1 Bh3
0-1

[Event "10 Little Indians"]
[Site "SchemingMind.com"]
[Date "2005.12.29"]
[Round "-"]
[White "Thomas Payne"]
[Black "antje"]
[Result "1-0"]
[WhiteCountry "ENG"]
[BlackCountry "GER"]
[WhiteElo "1373"]
[WhiteRD "85"]
[BlackElo "1223"]
[BlackRD "77"]
[GameID "34004"]

1. Nf3 d5 2. g3 Nf6 3. d4 Nc6 4. e3 Bg4 5. Bb5 e6 6. h3 Bh5 7. g4 Bg6 8. Ne5 Qd6 9. f4 Be7 10. g5 Ne4
11. b3 a6 12. Bxc6+ bxc6 13. Ba3 Qd8 14. Nxc6 Bxa3 15. Nxd8 Rxd8 16. Nxa3 O-O 17. h4 Ng3 18. Rg1 Nf5 19. c4 Nxe3 20. Qe2 Nf5
21. h5 Nxd4 22. Qe3 Nf5 23. Qa7 Bxh5 24. Qxc7 Nd4 25. Rf1 Nf3+ 26. Kf2 Nd2 27. Rh1 Ne4+ 28. Ke3 Ng3 29. Rh3 Nf5+ 30. Kf2 Bg6
31. Qb6 Rb8 32. Qc6
1-0

[Event "10 Little Indians"]
[Site "SchemingMind.com"]
[Date "2005.12.25"]
[Round "-"]
[White "Thomas Payne"]
[Black "Andoni Zabala"]
[Result "1-0"]
[WhiteCountry "ENG"]
[BlackCountry "INT"]
[WhiteElo "1373"]
[WhiteRD "85"]
[BlackElo "1675"]
[BlackRD "80"]
[GameID "34005"]

1. Nf3 d5 2. g3 Nf6 3. Bg2 Bf5 4. O-O e6 5. d3 Be7 6. Nc3 c5 7. d4 O-O 8. dxc5 Bxc5 9. Be3 Bxe3 10. fxe3 Nc6
11. a3 a6 12. Ng5 h6 13. Nf3 Qb6 14. Qd2 Rad8 15. b4 Ne4 16. Nxe4 dxe4 17. Nd4 Nxd4 18. exd4 Rxd4 19. Qe3 Qd6 20. c3 Rc4
21. Rfd1 Qc6 22. Rac1 Rc8 23. Bf1= Rxc3 24. Rxc3 Qxc3 25. Qxc3 Rxc3 26. Rd8+ Kh7 27. a4 Rc4 28. Rd7 Rxb4 29. Rxf7 Kg6 30. Re7 b5
31. axb5 axb5 32. Rb7
1-0

[Event "10 Little Indians"]
[Site "SchemingMind.com"]
[Date "2005.12.22"]
[Round "-"]
[White "Thomas Payne"]
[Black "Ashmaster"]
[Result "0-1"]
[WhiteCountry "ENG"]
[BlackCountry "IRL"]
[WhiteElo "1332"]
[WhiteRD "86"]
[BlackElo "1527"]
[BlackRD "59"]
[GameID "34006"]

1. Nf3 d5 2. g3 Bg4 3. d4 Bxf3 4. exf3 Nc6 5. Bg2 Nh6 6. Bxh6 gxh6 7. f4 e6 8. O-O Qf6 9. c3 O-O-O 10. Na3 Bxa3
11. bxa3 Na5 12. Rb1 Nc4 13. Qc1 Qe7 14. Rb3 Rd6 15. a4 Rb6 16. Rxb6 Nxb6 17. Qc2 Qa3 18. h4 Qxa4 19. Qxa4 Nxa4 20. Rc1 h5
21. Bf1 a6 22. c4= dxc4 23. Rxc4 Nb6 24. Rc5 f5 25. Be2 Rd8 26. Kf1 Rxd4 27. Re5 Ra4 28. Rxe6 Rxa2 29. Re8+ Kd7 30. Bxh5 Nd5
31. Re5 Ne7 32. Bf7 Ra4 33. Be6+ Kd8 34. Bxf5 Nxf5 35. Rxf5 Ra1+ 36. Kg2 a5 37. Rh5 a4 38. Rxh7 b5 39. f5 a3 40. f6 Ke8
41. Rxc7 a2 42. f7+ Kf8 43. h5 Rd1 44. Ra7 a1=Q 45. Rxa1 Rxa1 46. g4 Kxf7 47. g5 b4 48. f4 b3 49. f5 Ra5 50. g6+ Kg8
51. Kg3 Rxf5 52. Kg4 Rc5 53. h6 b2 54. h7+ Kh8
0-1

[Event "10 Little Indians"]
[Site "SchemingMind.com"]
[Date "2005.12.22"]
[Round "-"]
[White "Thomas Payne"]
[Black "klesley"]
[Result "0-1"]
[WhiteCountry "ENG"]
[BlackCountry "USA"]
[WhiteElo "1346"]
[WhiteRD "85"]
[BlackElo "1731"]
[BlackRD "98"]
[GameID "34007"]

1. Nf3 d5 2. g3 c5 3. d4 e6 4. dxc5 Bxc5 5. Be3 Bxe3 6. fxe3 Nf6 7. Bh3 Nc6 8. c3 h6 9. g4 e5 10. Qa4 Bd7
11. Qb3 b6 12. Na3 Bxg4 13. Bxg4 Nxg4 14. c4 d4 15. Nc2 O-O 16. exd4 Nxd4 17. Nfxd4 exd4 18. Qg3 Ne3 19. Nxe3 dxe3 20. Qxe3= Qh4+
21. Qg3 Qxc4 22. Rg1 g6 23. h4 Rfe8 24. Rg2 Qb4+ 25. Qc3 Qxh4+ 26. Kf1 Re4 27. Qf3 Rf4 28. Qxf4 Qxf4+ 29. Rf2 Qd2 30. Rb1 Rc8
31. Kg2 Rc1 32. Rxc1 Qxc1 33. b4 Qa3
0-1

[Event "10 Little Indians"]
[Site "SchemingMind.com"]
[Date "2005.12.23"]
[Round "-"]
[White "Thomas Payne"]
[Black "olivsan"]
[Result "1/2-1/2"]
[WhiteCountry "ENG"]
[BlackCountry "BRA"]
[WhiteElo "1346"]
[WhiteRD "85"]
[BlackElo "1365"]
[BlackRD "94"]
[GameID "34008"]

1. Nf3 d5 2. g3 Nc6 3. Bg2 Nf6 4. O-O Bf5 5. d3 e6 6. Bg5 Be7 7. Bxf6 Bxf6 8. c3 Qd6 9. e4 dxe4 10. dxe4 Bxe4
11. Qxd6 cxd6 12. Nbd2 d5 13. Nb3 b6 14. Nbd4 Bxd4 15. Nxd4 Nxd4 16. cxd4 O-O 17. Bxe4 dxe4 18. Rfe1 f5 19. f4 Rfd8 20. Rad1 g6=
1/2-1/2

[Event "10 Little Indians"]
[Site "SchemingMind.com"]
[Date "2005.12.23"]
[Round "-"]
[White "Thomas Payne"]
[Black "toguints"]
[Result "1/2-1/2"]
[WhiteCountry "ENG"]
[BlackCountry "PHI"]
[WhiteElo "1332"]
[WhiteRD "86"]
[BlackElo "1387"]
[BlackRD "67"]
[GameID "34009"]

1. Nf3 d5 2. g3 Nf6 3. d3 c6 4. Bg2 e6 5. Ng5 h6 6. Nf3 Nbd7 7. O-O Bc5 8. Be3 Qb6 9. b3 Ng4 10. Bxc5 Nxc5
11. Nc3= h5 12. h3 Nf6 13. a3 Bd7 14. b4 Na6 15. Ne5 d4 16. Nxd7 Nxd7 17. Ne4 O-O-O 18. Nd6+ Kc7 19. Nxf7 g5 20. Nxh8 Rxh8
21. Qd2 g4 22. h4 e5 23. c4 dxc3 24. Qxc3 Rf8 25. a4 Nxb4 26. Rab1 c5 27. Rfd1 Qf6 28. Rf1 a5 29. Qc4 b6 30. Qb5=
1/2-1/2

[Event "10 Little Indians"]
[Site "SchemingMind.com"]
[Date "2005.12.22"]
[Round "-"]
[White "Thomas Payne"]
[Black "Alien"]
[Result "1-0"]
[WhiteCountry "ENG"]
[BlackCountry "USA"]
[WhiteElo "1346"]
[WhiteRD "85"]
[BlackElo "1107"]
[BlackRD "90"]
[GameID "34010"]

1. Nf3 d5 2. g3 Nc6 3. Bg2 e5 4. d4 e4 5. Ne5 Nf6 6. Bg5 Bd6 7. f4 O-O 8. e3 Qe8 9. h3 Nd7 10. Nxc6 bxc6
11. c3 c5 12. dxc5
1-0

[Event "10 Little Indians"]
[Site "SchemingMind.com"]
[Date "2005.12.22"]
[Round "-"]
[White "antje"]
[Black "Thomas Payne"]
[Result "0-1"]
[WhiteCountry "GER"]
[BlackCountry "ENG"]
[WhiteElo "1223"]
[WhiteRD "77"]
[BlackElo "1373"]
[BlackRD "85"]
[GameID "34011"]

1. Nf3 d5 2. g3 f6 3. Bg2 b5 4. Nc3 c6 5. O-O f5 6. d3 b4 7. Na4 Qa5 8. b3 g6 9. Bb2 Nf6 10. Ne5 Ba6
11. c3 Bg7 12. cxb4 Qxb4 13. Qc2 Bb5 14. a3 Qa5 15. Bc3 Qc7 16. Bb4 Qxe5 17. Bc3 Qc7 18. Nc5 Qc8 19. a4 Ba6 20. Rab1 Nbd7
21. Nxd7 Qxd7 22. Bxf6 Bxf6 23. Rfc1 Bb7 24. b4 Bg5 25. e3 d4 26. Re1 h5 27. h4 Bf6 28. b5 cxb5 29. Bxb7 Qxb7 30. Rxb5 Qa6
31. Rc1 O-O
0-1

[Event "10 Little Indians"]
[Site "SchemingMind.com"]
[Date "2005.12.22"]
[Round "-"]
[White "Andoni Zabala"]
[Black "Thomas Payne"]
[Result "1-0"]
[WhiteCountry "INT"]
[BlackCountry "ENG"]
[WhiteElo "1682"]
[WhiteRD "77"]
[BlackElo "1332"]
[BlackRD "86"]
[GameID "34012"]

1. Nf3 d5 2. g3 f6 3. d4 Nc6 4. Bg2 e5 5. dxe5 fxe5 6. O-O e4 7. Nd4 Nf6 8. Nxc6 bxc6 9. Nd2 g6 10. Nb3 Ng4
11. f3 exf3 12. Bxf3 Ne5 13. Bf4 Nc4 14. Qd4 Rg8 15. Nc5 Bxc5 16. Qxc5 Bd7 17. Bxd5 cxd5 18. Qxd5 Nxb2 19. Qxg8+ Ke7 20. Qxh7+ Kf8
21. Bd6+ Ke8 22. Qxg6#
1-0

[Event "10 Little Indians"]
[Site "SchemingMind.com"]
[Date "2005.12.22"]
[Round "-"]
[White "Ashmaster"]
[Black "Thomas Payne"]
[Result "0-1"]
[WhiteCountry "IRL"]
[BlackCountry "ENG"]
[WhiteElo "1399"]
[WhiteRD "65"]
[BlackElo "1351"]
[BlackRD "88"]
[GameID "34013"]

1. Nf3 d5 2. g3 f6 3. e3 c6 4. Bg2 Bg4 5. O-O e5 6. d3 e4 7. h3 Bxf3 8. Bxf3 exf3 9. Qxf3 Qd7 10. Kh2 Na6
11. e4 O-O-O 12. exd5 Qxd5 13. Qxd5 Rxd5 14. Be3 Nb4 15. Na3 b6 16. c3 Nxd3 17. b3 Bxa3
0-1

[Event "10 Little Indians"]
[Site "SchemingMind.com"]
[Date "2005.12.22"]
[Round "-"]
[White "klesley"]
[Black "Thomas Payne"]
[Result "1-0"]
[WhiteCountry "USA"]
[BlackCountry "ENG"]
[WhiteElo "1731"]
[WhiteRD "98"]
[BlackElo "1346"]
[BlackRD "85"]
[GameID "34014"]

1. Nf3 d5 2. g3 f6 3. d4 Nc6 4. Bg2 e5 5. dxe5 fxe5 6. Nc3 Bb4 7. Bd2 Nf6 8. a3 Bxc3 9. Bxc3 d4 10. Bd2 Bg4
11. Ng5 Nd7 12. Bxc6 bxc6 13. h3 Bf5 14. g4 Bg6 15. Ne6 Qb8 16. Ba5 Nb6 17. Nxg7+ Kf7 18. Nf5 Bxf5 19. gxf5 Nc4 20. b4 Nxa5
21. bxa5 Qb5 22. e4 Qxa5+ 23. Qd2 Qxd2+ 24. Kxd2 c5 25. Rab1 c6 26. Rb7+ Kf6 27. h4 h5 28. Rg1 Rh6 29. Rc7 a5 30. Rxc6+ Kf7
31. Rxh6 Rc8 32. Rgg6 Rg8 33. Rh7+ Kf8 34. Ra6 Rg7 35. Ra8+ Kf7 36. Ra7+ Kg8 37. Rhxg7+
1-0

[Event "10 Little Indians"]
[Site "SchemingMind.com"]
[Date "2005.12.22"]
[Round "-"]
[White "olivsan"]
[Black "Thomas Payne"]
[Result "1-0"]
[WhiteCountry "BRA"]
[BlackCountry "ENG"]
[WhiteElo "1365"]
[WhiteRD "94"]
[BlackElo "1346"]
[BlackRD "85"]
[GameID "34015"]

1. Nf3 d5 2. g3 g6 3. d4 Bg7 4. Nc3 Nf6 5. Bf4 c6 6. Qd2 Qa5 7. O-O-O Ng4 8. e3 Nd7 9. h3 Ngf6 10. Ne5 Ne4
11. Nxe4 Qxa2 12. Qb4 Bxe5 13. Nc3 Qa1+ 14. Kd2 c5 15. dxc5 Bxc3+ 16. bxc3 Qa2 17. Bb5 a6 18. Ra1 axb5 19. Rxa2 Rxa2 20. Qb3 Ra5
21. Bc7 Nxc5 22. Qxd5 O-O 23. Bxa5 Ne6 24. Qxb5
1-0

[Event "10 Little Indians"]
[Site "SchemingMind.com"]
[Date "2005.12.22"]
[Round "-"]
[White "toguints"]
[Black "Thomas Payne"]
[Result "1-0"]
[WhiteCountry "PHI"]
[BlackCountry "ENG"]
[WhiteElo "1384"]
[WhiteRD "65"]
[BlackElo "1373"]
[BlackRD "85"]
[GameID "34016"]

1. Nf3 d5 2. g3 g6 3. Bg2 Nf6 4. Nc3 c6 5. d3 Bg7 6. O-O O-O 7. a4 a5 8. e4 dxe4 9. Nxe4 Nxe4 10. dxe4 Bg4
11. Qxd8 Rxd8 12. c3 h5 13. Bf4 c5 14. e5 Nc6 15. h3 Bxf3 16. Bxf3 Rd3 17. Be3 Nxe5 18. Bxb7 Rb8 19. Be4 Rd7 20. Bxc5 Rxb2
21. Rab1 Rxb1 22. Rxb1 Nc4 23. Bc6 Rc7 24. Rb8+ Kh7 25. Bd4 Rxc6 26. Kg2 Bxd4 27. cxd4 Rb6 28. Re8 Re6 29. d5 Re5 30. Rf8 Nd6
31. f4 Rxd5 32. Kf3 Rd3+ 33. Kg2 Kg7 34. Ra8 Nc4 35. Rc8 Nb6 36. Rc5 Nxa4 37. Rxa5 Nc3 38. Ra3
1-0

[Event "10 Little Indians"]
[Site "SchemingMind.com"]
[Date "2005.12.22"]
[Round "-"]
[White "Alien"]
[Black "Thomas Payne"]
[Result "0-1"]
[WhiteCountry "USA"]
[BlackCountry "ENG"]
[WhiteElo "1107"]
[WhiteRD "90"]
[BlackElo "1346"]
[BlackRD "85"]
[GameID "34017"]

1. Nf3 d5 2. g3 g6 3. Bg2 Nf6 4. O-O Nc6 5. d3 Bg7 6. Nbd2 O-O 7. e4 dxe4 8. dxe4 Bg4 9. Qe1 Nd4 10. Nxd4 Qxd4
11. e5 Nd5 12. Nb3 Qc4
0-1

[Event "10 Little Indians"]
[Site "SchemingMind.com"]
[Date "2006.01.11"]
[Round "-"]
[White "Scotty919"]
[Black "antje"]
[Result "1-0"]
[WhiteCountry "ENG"]
[BlackCountry "GER"]
[WhiteElo "1337"]
[WhiteRD "68"]
[BlackElo "1222"]
[BlackRD "73"]
[GameID "34643"]

1. Nf3 d5 2. g3 Nc6 3. Bg2 Bg4 4. d3 Nf6 5. Nc3 e6 6. Qd2 Bb4 7. h3 Bh5 8. a3 Ba5 9. b4 Bb6 10. g4 Bg6
11. Bb2 O-O 12. O-O-O a5 13. bxa5 Bxa5 14. a4 Bxc3 15. Qxc3 Na7 16. Ba3 b5 17. Bxf8 Qxf8 18. Qxc7
1-0

[Event "10 Little Indians"]
[Site "SchemingMind.com"]
[Date "2006.01.02"]
[Round "-"]
[White "Scotty919"]
[Black "Andoni Zabala"]
[Result "0-1"]
[WhiteCountry "ENG"]
[BlackCountry "INT"]
[WhiteElo "1345"]
[WhiteRD "73"]
[BlackElo "1682"]
[BlackRD "77"]
[GameID "34644"]

1. Nf3 d5 2. g3 Nf6 3. Bg2 Bf5 4. d3 e6 5. Nc3 Bb4 6. Qd2 O-O 7. b3 d4 8. Qf4 Bxc3+ 9. Kf1 Bxa1 10. Ba3 Re8
11. e3 dxe3 12. fxe3 Nc6 13. Ke2 Bc3 14. Ng5 h6 15. Ne4 Nd5 16. Qf1 Bg4+ 17. Bf3 Bxf3+ 18. Kxf3 Ne5+ 19. Kf2 Ng4+ 20. Kf3 Ngxe3
21. Qe2 b5 22. Bc1 Bd4 23. Bxe3 Nxe3 24. Rg1 f5 25. Nd2 Qd5+ 26. Kf2 Nxc2+ 27. Kf1 Bxg1 28. Kxg1 Rad8 29. Nf1 Qxd3 30. Qxd3 Rxd3
0-1

[Event "10 Little Indians"]
[Site "SchemingMind.com"]
[Date "2005.12.31"]
[Round "-"]
[White "Scotty919"]
[Black "Ashmaster"]
[Result "0-1"]
[WhiteCountry "ENG"]
[BlackCountry "IRL"]
[WhiteElo "1337"]
[WhiteRD "68"]
[BlackElo "1445"]
[BlackRD "64"]
[GameID "34645"]

1. Nf3 d5 2. g3 Nf6 3. Bg2 c5 4. d3 Nc6 5. O-O e5 6. Nc3 Be6 7. Bg5 Be7 8. Bxf6 Bxf6 9. e4 d4 10. Ne2 b5
11. b3 O-O 12. h3 a5 13. a3 b4 14. a4= Qd7 15. Qd2 Bxh3 16. Bxh3 Qxh3 17. Qd1 Ra6 18. Qc1 Nb8 19. Ng5 Bxg5 20. Qxg5 Rh6
21. Qxh6 Qxh6 22. Kg2 Rd8 23. Rh1 Qf6 24. Rh2 Rd6 25. Rah1 h6 26. f3 Nd7 27. g4 Qg5 28. Kf2 Qe3+ 29. Kf1 Qxf3+ 30. Ke1 Qxg4
31. Rh4 Qg6 32. R4h3 Nf6 33. Rg1 Qh7 34. Rhg3 Nh5 35. R3g2 g5 36. Ng3 Nxg3 37. Rxg3 Rf6 38. R1g2 Rg6 39. Kf1 f6 40. Kg1 h5
41. Kh2 h4 42. Rg4 Kf7 43. Kh3 Ke6 44. Kh2 Qh6 45. Kh3 f5 46. Rxg5 Rxg5
0-1

[Event "10 Little Indians"]
[Site "SchemingMind.com"]
[Date "2005.12.30"]
[Round "-"]
[White "Scotty919"]
[Black "Thomas Payne"]
[Result "1/2-1/2"]
[WhiteCountry "ENG"]
[BlackCountry "ENG"]
[WhiteElo "1310"]
[WhiteRD "67"]
[BlackElo "1351"]
[BlackRD "88"]
[GameID "34646"]

1. Nf3 d5 2. g3 Bg4 3. Bg2 Bxf3 4. Bxf3 Nf6 5. d3 h6 6. Nc3 c6 7. b3 d4 8. Ne4 Nxe4 9. dxe4 Qa5+ 10. Bd2 Qd8
11. O-O e5 12. a3 c5 13. Rb1 b6 14. h4 g5 15. hxg5 hxg5 16. e3 Nc6 17. c3 dxc3 18. Bxc3 Qxd1 19. Rbxd1 Rd8 20. Rxd8+ Kxd8
21. Rd1+ Kc8 22. Bg4+ Kb8 23. f4 f6 24. Bd7 Kc7 25. Bxc6 Kxc6 26. fxe5 fxe5 27. Bxe5 Rh6 28. Kf2 Re6 29. Bc3= Rxe4 30. Kf3 Re6
31. g4 Bd6=
1/2-1/2

[Event "10 Little Indians"]
[Site "SchemingMind.com"]
[Date "2005.12.31"]
[Round "-"]
[White "Scotty919"]
[Black "klesley"]
[Result "0-1"]
[WhiteCountry "ENG"]
[BlackCountry "USA"]
[WhiteElo "1310"]
[WhiteRD "67"]
[BlackElo "1754"]
[BlackRD "106"]
[GameID "34647"]

1. Nf3 d5 2. g3 c5 3. Bg2 Nc6 4. d3 g6 5. Nc3 Bg7 6. O-O Bxc3 7. bxc3 Nf6 8. Ba3 c4 9. Qd2 Bf5 10. Qe3 b5
11. Ne5 Ng4 12. Nxc6 Nxe3 13. Nxd8 Nxc2 14. Nc6 e6 15. Rac1 Nxa3 16. Nd4 cxd3 17. exd3 Bxd3 18. Rfd1 Bc4 19. Nc2 Nxc2 20. Rxc2 O-O
21. a3 Bb3 22. Rcd2 Bxd1 23. Rxd1 Rac8 24. h3 Rxc3
0-1

[Event "10 Little Indians"]
[Site "SchemingMind.com"]
[Date "2006.01.08"]
[Round "-"]
[White "Scotty919"]
[Black "olivsan"]
[Result "1/2-1/2"]
[WhiteCountry "ENG"]
[BlackCountry "BRA"]
[WhiteElo "1345"]
[WhiteRD "73"]
[BlackElo "1377"]
[BlackRD "89"]
[GameID "34648"]

1. Nf3 d5 2. g3 c5 3. Bg2 e6 4. d3 Nf6 5. O-O Bd6 6. c3 O-O 7. Be3 Nc6 8. Na3 Qa5 9. Bd2 Qb6 10. Rb1 a5
11. Be3 Qc7 12. Nb5 Qe7 13. Nxd6 Qxd6 14. a4 b6 15. Qb3 Rb8 16. Bf4 e5 17. Bg5 Bf5 18. Bxf6 Qxf6 19. Nd2 Rfd8 20. Bxd5 Ne7
21. e4 Bh3 22. Rfe1 Nxd5 23. exd5 Qe7 24. d4 Qb7 25. Rxe5 f6 26. Rh5 Bg4 27. Rh4 Be2 28. d6+ Kf8 29. Rxh7 Rxd6 30. Rh8+ Ke7
31. Rxb8 Qxb8 32. Re1 Re6 33. f4 Bc4 34. Qd1 Ba6 35. Rxe6+ Kxe6 36. Qe1+ Kd7 37. f5 Qd6 38. Ne4 Qc6 39. Nf2 Bb7 40. Qf1 cxd4
41. cxd4 Qxa4 42. Qd3 Qc6 43. Qf1 b5 44. h4 Kd8 45. g4 a4 46. h5=
1/2-1/2